Chanson à trous : Roméo et Juliette - Les rois du monde - Statistiques

Statistiques générales
  • Ce quiz a été pris 283 fois
  • Le résultat moyen est 11 sur 12
Statistiques - réponses
Couplets Les rois du monde - Roméo et Juliette % Correct
3 Les rois du monde font tout ce qu'ils veulent Ils ont du monde autour d'eux mais ils sont {seuls}
99%
2 Ils ne savent pas ce qu'on pense d'eux {en} {bas} Ils ne savent pas qu'ici c'est nous les rois
97%
4 Dans leurs {châteaux} là-haut, ils s'ennuient Pendant qu'en bas nous on danse toute la nuit
96%
8 Ils font des pièges où ils tomberont un jour Ils se protègent de tout même de {l}'{amour}
95%
7 Les rois du monde ont peur de tout C'est qu'ils confondent les {chiens} et les loups
94%
1 Les rois du monde vivent au sommet Ils ont la plus {belle} {vue} mais y a un mais
93%
6 On sait que le temps c'est comme le vent De vivre y a que ça d'important On se fout pas mal de {la} {morale} On sait bien qu'on fait pas de mal
93%
12 On sait que le temps c'est comme le vent De vivre y a que ça d'important On se fout pas mal de {la} {morale} On sait bien qu'on fait pas de mal
93%
10 Et nous en bas leur {guerre} on la fera pas On sait même pas pourquoi tout ça c'est jeux de rois
81%
5 Nous on fait l'amour on vit la vie Jour après jour nuit après nuit A quoi ça sert d'être sur la terre Si c'est pour faire nos vies {à} {genoux}
81%
11 Nous on fait l'amour on vit la vie Jour après jour nuit après nuit A quoi ça sert d'être sur la terre Si c'est pour faire nos vies {à} {genoux}
81%
9 Les rois du monde se battent entre eux C'est qu'y a {de} {la} {place}, mais pour un pas pour deux
75%
Aucun quiz correspondant
Distribution des résultats
% des personnes avec chaque résultat
Percentile par nombre de réponses
Votre historique - résultats
Vous n’avez pas pris ce quiz